000 00408nam a22001457a 4500
005 20250322143504.0
008 250322b |||||||| |||| 00| 0 eng d
082 _222
_a894
_bVAL
100 _aMahenthiran, K
245 _aValvu oru valaipanthaddam
260 _aTellipapalai
_bLyceum of literary & aesthetic studies
_c1997
300 _aviii, 136 ( C2)
500 _aA collection of Short stories
942 _cL
999 _c6001
_d6001